00293nam a2200121Ia 4500008004100000041000900041082001800050100002200068245002600090260003900116300000800155650000800163230718s9999 xx 000 0 und d aEng. a346.02bKAM-A aKamal, Asmat Khan 0aAgarwala the Containa aPakistanbLaw booke Publiziec2005 a287 aLaw